| 000 | 00534nam a2200193Ia 4500 | ||
|---|---|---|---|
| 003 | GCL | ||
| 008 | 140319s9999 xx 000 0 eng d | ||
| 040 |
_aGCL / _cGCL |
||
| 082 | 0 | 4 |
_a372.86 _bM C |
| 100 | 1 | _aWALL, JENNIFER | |
| 245 | 1 | 0 |
_aCHILDREN AND MOVEMENT PHYSICAL EDUCATIOR IN THE ELEMENTARY SCHOOL / _cWALL, JENNIFER |
| 700 | 1 | _aMURRAY, NANEY | |
| 260 |
_a[S.N] : _bWCB BROWN & BENCHANARK ، _c1994 |
||
| 300 | _a463 P P | ||
| 650 | 0 | 4 | _aGAMES |
| 650 | 0 | 4 | _aCHILDREN - MOVEMENT |
| 650 | 0 | 4 | _aGYMNASTICS |
| 942 |
_2ddc _cBK |
||
| 999 |
_c11591 _d11591 |
||